Statistics for States of Palau on a Map

Click here to take the quiz!

General Stats

  • This quiz has been taken 517 times
  • The average score is 8 of 16

Answers on the Map

Answers color-coded by a green-red scale on the quiz's map according to % correct below.
 

Answer Stats

State% Correct
Koror
82%
Melekeok
68%
Airai
53%
Hatohobei
52%
Angaur
51%
Sonsorol
51%
Ngaraard
48%
Aimeliik
46%
Ngatpang
46%
Kayangel
45%
Ngarchelong
45%
Peleliu
45%
Ngchesar
44%
Ngeremlengui
43%
Ngiwal
42%
Ngardmau
40%

Score Distribution

Percentile by Number Answered

Percent of People with Each Score

Your Score History

You have not taken this quiz